| 000 | 00394nam a2200145Ia 4500 | ||
|---|---|---|---|
| 008 | 150201s2004 xx 000 0 und d | ||
| 082 |
_a617.63 _bC2004D |
||
| 100 | _aODELL,EDWARD | ||
| 245 | _aCLINICAL PROBLEM SOLVING IN DENTISTRY | ||
| 250 | _a2ND | ||
| 260 |
_bCHURCHILL LIVINGSTONE _aEDINBURGH _c2004 |
||
| 300 | _a1-288 | ||
| 650 | _aCONSERVATIVE DENTISTRY & ENDODONTICS | ||
| 942 |
_2ddc _cBK |
||
| 999 |
_c3795 _d3795 |
||